Academia jurídica en acción. El poder, las posibilidades y las dificultades de los profesores que administran blogs de derecho (Registro nro. 21692)
[ vista simple ]
| 000 -LEADER | |
|---|---|
| fixed length control field | 00409 a2200109 4500 |
| 001 - CONTROL NUMBER | |
| control field | ART_41773 |
| 005 - DATE AND TIME OF LATEST TRANSACTION | |
| control field | 20260410161814.0 |
| 008 - FIXED-LENGTH DATA ELEMENTS--GENERAL INFORMATION | |
| fixed length control field | 260409a |
| 100 1# - MAIN ENTRY--PERSONAL NAME | |
| Personal name | Berman, Douglas A. |
| 245 10 - TITLE STATEMENT | |
| Title | Academia jurídica en acción. El poder, las posibilidades y las dificultades de los profesores que administran blogs de derecho |
| 773 0# - HOST ITEM ENTRY | |
| Title | Academia |
| Related parts | - Año 14, Nº 27 (ene./jun. 2016) |
| Record control number | REV4314 |
No hay ítems disponibles.